000 00251 a2200109 4500
001 68566
040 _cAnchieta - Itaigara
240 1 0 _aUma lição de carinho
_l
245 1 0 _aUma lição de carinho
650 4 _aLiteratura infanto-juvenil
942 _cMU
999 _c68566
_d68566